<?xml version="1.0" encoding="UTF-8"?>
<record
    xmlns:xsi="http://www.w3.org/2001/XMLSchema-instance"
    xsi:schemaLocation="http://www.loc.gov/MARC21/slim http://www.loc.gov/standards/marcxml/schema/MARC21slim.xsd"
    xmlns="http://www.loc.gov/MARC21/slim">

  <leader>01269nam2a2200265   4500</leader>
  <controlfield tag="001">rc\3021099</controlfield>
  <controlfield tag="005">20260315064629.0</controlfield>
  <datafield tag="035" ind1=" " ind2=" ">
    <subfield code="a">(NLR Aleph) 007163167</subfield>
  </datafield>
  <datafield tag="090" ind1=" " ind2=" ">
    <subfield code="a">13619154</subfield>
    <subfield code="c">13619154</subfield>
  </datafield>
  <datafield tag="100" ind1=" " ind2=" ">
    <subfield code="a">20110928d1940    u  y0rusy50      ca</subfield>
  </datafield>
  <datafield tag="101" ind1="0" ind2=" ">
    <subfield code="a">rus</subfield>
  </datafield>
  <datafield tag="102" ind1=" " ind2=" ">
    <subfield code="a">RU</subfield>
  </datafield>
  <datafield tag="105" ind1=" " ind2=" ">
    <subfield code="a">y   z   |||||</subfield>
  </datafield>
  <datafield tag="200" ind1="1" ind2=" ">
    <subfield code="a">&#x418;&#x433;&#x430;&#x440;&#x441;&#x43A;&#x438;&#x439; &#x440;&#x430;&#x439;&#x43E;&#x43D; (&#x432;&#x43A;&#x43B;&#x44E;&#x447;&#x430;&#x44F; &#x410;&#x43D;&#x433;&#x443;&#x440;&#x441;&#x43A;&#x438;&#x439; &#x438; &#x423;&#x441;&#x442;&#x44C;&#x443;&#x440;&#x435;&#x439;&#x441;&#x43A;&#x438;&#x439; &#x441;&#x435;&#x43B;&#x44C;&#x441;&#x43E;&#x432;&#x435;&#x442;&#x44B; &#x422;&#x443;&#x440;&#x443;&#x445;&#x430;&#x43D;&#x441;&#x43A;&#x43E;&#x433;&#x43E; &#x440;&#x430;&#x439;&#x43E;&#x43D;&#x430;)</subfield>
    <subfield code="f">[&#x41E;&#x431;&#x440;&#x430;&#x431;&#x43E;&#x442;&#x430;&#x43B;&#x438; &#x438; &#x43F;&#x43E;&#x434;&#x433;&#x43E;&#x442;&#x43E;&#x432;&#x438;&#x43B;&#x438; &#x43A; &#x43F;&#x435;&#x447;&#x430;&#x442;&#x438;: &#x424;.&#x41F;. &#x417;&#x435;&#x43B;&#x435;&#x43D;&#x438;&#x43D; &#x438; &#x425;.&#x410;. &#x410;&#x43B;&#x43B;&#x430;&#x436;]</subfield>
  </datafield>
  <datafield tag="210" ind1=" " ind2=" ">
    <subfield code="d">1940</subfield>
  </datafield>
  <datafield tag="215" ind1=" " ind2=" ">
    <subfield code="a">132 &#x441;.</subfield>
  </datafield>
  <datafield tag="461" ind1=" " ind2="0">
    <subfield code="1">001rc\3021098</subfield>
    <subfield code="1">2001#$a&#x41C;&#x430;&#x442;&#x435;&#x440;&#x438;&#x430;&#x43B;&#x44B; &#x437;&#x435;&#x43C;&#x43B;&#x435;&#x443;&#x441;&#x442;&#x440;&#x43E;&#x439;&#x441;&#x442;&#x432;&#x430; &#x440;&#x430;&#x439;&#x43E;&#x43D;&#x43E;&#x432; &#x41A;&#x440;&#x430;&#x439;&#x43D;&#x435;&#x433;&#x43E; &#x421;&#x435;&#x432;&#x435;&#x440;&#x430;$f&#x41D;&#x430;&#x440;. &#x43A;&#x43E;&#x43C;. &#x437;&#x435;&#x43C;. &#x420;&#x421;&#x424;&#x421;&#x420;$v&#x422;. 3</subfield>
    <subfield code="9">7269986</subfield>
    <subfield code="c">&#x41C;&#x43E;&#x441;&#x43A;&#x432;&#x430;</subfield>
    <subfield code="d">1940</subfield>
    <subfield code="f">&#x41D;&#x430;&#x440;. &#x43A;&#x43E;&#x43C;. &#x437;&#x435;&#x43C;. &#x420;&#x421;&#x424;&#x421;&#x420;</subfield>
    <subfield code="n">&#x411;. &#x438;.</subfield>
    <subfield code="t">&#x41C;&#x430;&#x442;&#x435;&#x440;&#x438;&#x430;&#x43B;&#x44B; &#x437;&#x435;&#x43C;&#x43B;&#x435;&#x443;&#x441;&#x442;&#x440;&#x43E;&#x439;&#x441;&#x442;&#x432;&#x430; &#x440;&#x430;&#x439;&#x43E;&#x43D;&#x43E;&#x432; &#x41A;&#x440;&#x430;&#x439;&#x43D;&#x435;&#x433;&#x43E; &#x421;&#x435;&#x432;&#x435;&#x440;&#x430;</subfield>
    <subfield code="v">&#x422;. 3</subfield>
  </datafield>
  <datafield tag="702" ind1=" " ind2="1">
    <subfield code="a">&#x417;&#x435;&#x43B;&#x435;&#x43D;&#x438;&#x43D;</subfield>
    <subfield code="b">&#x424;.&#x41F;.</subfield>
    <subfield code="4">570</subfield>
  </datafield>
  <datafield tag="702" ind1=" " ind2="1">
    <subfield code="a">&#x410;&#x43B;&#x43B;&#x430;&#x436;</subfield>
    <subfield code="b">&#x425;.&#x410;.</subfield>
    <subfield code="4">570</subfield>
  </datafield>
  <datafield tag="712" ind1="0" ind2="1">
    <subfield code="a">&#x420;&#x421;&#x424;&#x421;&#x420;</subfield>
    <subfield code="b">&#x41D;&#x430;&#x440;&#x43E;&#x434;&#x43D;&#x44B;&#x439; &#x43A;&#x43E;&#x43C;&#x438;&#x441;&#x441;&#x430;&#x440;&#x438;&#x430;&#x442; &#x437;&#x435;&#x43C;&#x43B;&#x435;&#x434;&#x435;&#x43B;&#x438;&#x44F;</subfield>
    <subfield code="4">570</subfield>
  </datafield>
  <datafield tag="801" ind1=" " ind2="0">
    <subfield code="a">RU</subfield>
    <subfield code="b">NLR</subfield>
    <subfield code="g">psbo</subfield>
  </datafield>
  <datafield tag="801" ind1=" " ind2="1">
    <subfield code="a">RU</subfield>
    <subfield code="b">ELAR</subfield>
    <subfield code="2">rusmarc</subfield>
  </datafield>
  <datafield tag="852" ind1=" " ind2=" ">
    <subfield code="a">NLR</subfield>
    <subfield code="j">40-17/452(3)</subfield>
  </datafield>
  <datafield tag="942" ind1=" " ind2=" ">
    <subfield code="c">UNSPEC</subfield>
  </datafield>
  <datafield tag="980" ind1=" " ind2=" ">
    <subfield code="a">NB</subfield>
  </datafield>
</record>
